000
00229nam a2200097Ia 4500
008
170619s9999 xx 000 0 und d
100
_a
Srivastava S K
245
0
_a
ENGINEERING PHYSICS
260
_b
New Age International
260
_c
2008
546
_a
ENGLISH
999
_c
18617
_d
18617